[Event "Mecklenburg VP VL 1718"]
[Site "Mecklenburg VP"]
[Date "2017.10.08"]
[Round "1.7"]
[White "Klippel, Jan"]
[Black "Paucher, Sloima"]
[Result "1/2-1/2"]
[WhiteElo "1983"]
[BlackElo "2146"]
[PlyCount "111"]
[EventDate "2017.10.08"]
[EventType "team-tourn"]
[EventRounds "9"]
[EventCountry "GER"]
[SourceTitle "EXT 2022"]
[Source "ChessBase"]
[SourceDate "2021.10.06"]
[SourceVersion "1"]
[SourceVersionDate "2021.10.06"]
[SourceQuality "1"]
[WhiteTeam "Rostock SSC 07"]
[BlackTeam "Schwerin SF II"]
[WhiteTeamCountry "GER"]
[BlackTeamCountry "GER"]

1. Nf3 Nf6 2. d4 d5 3. g3 e6 4. Bg2 Be7 5. 0-0 0-0 6. c4 b6 7. cxd5 exd5 8. Nc3 Bb7 9. Bf4 Nbd7 10. Nb5 Ne8 11. Rc1 c6 12. Nc3 Nef6 13. Re1 Re8 14. Rc2 Nf8 15. Ne5 Ne6 16. Bc1 Bf8 17. e3 Rc8 18. b3 Ng5 19. Bb2 Bd6 20. Nf3 Nge4 21. Nxe4 Nxe4 22. Nd2 Bb4 23. Bc1 Ba6 24. Bf1 Bxf1 25. Rxf1 Bxd2 26. Bxd2 Re6 27. f3 Nd6 28. Bc1 Qe8 29. Qd3 f5 30. Re1 Qh5 31. Rf1 Nf7 32. Qe2 Ng5 33. h4 Nf7 34. Kg2 Nd6 35. Qf2 Rg6 36. Rh1 Re6 37. a4 Ne8 38. Qd2 Nf6 39. Qd3 Rce8 40. Rf1 Qg6 41. Kf2 Qf7 42. Kg2 g6 43. Bd2 Qc7 44. Kf2 Nh5 45. Rg1 Qe7 46. Bc1 Rf8 47. Rh1 Qd6 48. Rg1 Nf6 49. Kg2 Rfe8 50. Kf2 Nh5 51. Ra2 Qb4 52. Rh1 Qd6 53. Rg1 Nf6 54. Rc2 Rf8 55. Kg2 Nh5 56. Kf2 1/2-1/2

[Event "Oberliga Ost-B 1516"]
[Site "Germany"]
[Date "2016.02.21"]
[Round "8.6"]
[White "Klippel, Jan"]
[Black "Rosa, Mike"]
[Result "1-0"]
[WhiteElo "2055"]
[BlackElo "2080"]
[PlyCount "129"]
[EventDate "2015.09.20"]
[EventType "team-tourn"]
[EventRounds "11"]
[EventCountry "GER"]
[SourceTitle "EXT 2017"]
[Source "ChessBase"]
[SourceDate "2016.10.25"]
[SourceVersion "1"]
[SourceVersionDate "2016.10.25"]
[SourceQuality "1"]
[WhiteTeam "Giessen"]
[BlackTeam "Nied"]
[WhiteTeamCountry "GER"]
[BlackTeamCountry "GER"]

1. c4 Nf6 2. g3 g6 3. Bg2 Bg7 4. Nc3 d6 5. Nf3 0-0 6. 0-0 c5 7. Rb1 Nc6 8. a3 a5 9. d3 Rb8 10. Ne1 Be6 11. Nc2 Qd7 12. b4 axb4 13. axb4 b6 14. Re1 d5 15. Bf4 Rbc8 16. bxc5 bxc5 17. Na4 Qa7 18. Nb6 Rcd8 19. Ne3 Nb4 20. Nbxd5 Nfxd5 21. cxd5 Nxd5 22. Nxd5 Bxd5 23. Bxd5 Rxd5 24. Qb3 Rfd8 25. Rec1 Qd7 26. Qb7 Qe6 27. Rb6 Qd7 28. Qxd7 R5xd7 29. Rb5 Bd4 30. Kf1 Kg7 31. Rb8 Rxb8 32. Bxb8 Rb7 33. Bf4 Rb5 34. Bg5 Bf6 35. Bf4 e5 36. Be3 Be7 37. Ra1 Rb7 38. Ra5 Rc7 39. Ra4 Kf6 40. Ra6+ Kg7 41. Ra4 Kf6 42. Ke1 Rb7 43. Kd1 Ke6 44. Kc2 Kd7 45. Ra6 Bd6 46. g4 Rb4 47. f3 c4 48. Kc3 Rb3+ 49. Kxc4 Rb2 50. Kd5 Rb5+ 51. Ke4 Rb2 52. Bc1 Rxe2+ 53. Kd5 Bc7 54. Ra7 Rc2 55. Be3 Rb2 56. h3 Rb5+ 57. Bc5 f5 58. gxf5 gxf5 59. Ra6 Rb8 60. Rh6 Rh8 61. Rf6 f4 62. Rf7+ Kc8 63. Kc6 Bd8 64. Bd6 Rg8 65. Ra7 1-0

[Event "Oberliga Ost-B 1516"]
[Site "Germany"]
[Date "2015.11.15"]
[Round "4.6"]
[White "Vollmar, Rainer"]
[Black "Klippel, Jan"]
[Result "1-0"]
[WhiteElo "2141"]
[BlackElo "2055"]
[PlyCount "67"]
[EventDate "2015.09.20"]
[EventType "team-tourn"]
[EventRounds "11"]
[EventCountry "GER"]
[SourceTitle "EXT 2017"]
[Source "ChessBase"]
[SourceDate "2016.10.25"]
[SourceVersion "1"]
[SourceVersionDate "2016.10.25"]
[SourceQuality "1"]
[WhiteTeam "Frankfurt BvK"]
[BlackTeam "Giessen"]
[WhiteTeamCountry "GER"]
[BlackTeamCountry "GER"]

1. c4 c6 2. Nf3 d5 3. b3 Bf5 4. g3 Nf6 5. Bg2 e6 6. 0-0 Be7 7. d3 h6 8. Bb2 0-0 9. Nbd2 Nbd7 10. a3 Bh7 11. Ra2 Ne8 12. Qa1 Bf6 13. Rc1 Nd6 14. b4 Rc8 15. Ne5 Nxe5 16. Bxe5 Bxe5 17. Qxe5 Qe7 18. cxd5 cxd5 19. Rxc8 Nxc8 20. Rc2 Qd6 21. Qc3 Rd8 22. Qxc8 Bxd3 23. Qc5 Bxc2 24. Qxc2 Qe5 25. Nb3 Qb8 26. Qd3 Rc8 27. e4 Qe5 28. exd5 exd5 29. Bxd5 Rc3 30. Qd1 Kf8 31. Bxb7 Qc7 32. Nc5 g6 33. Bf3 Rxa3 34. Qc1 1-0

[Event "Oberliga Ost-B 1516"]
[Site "Germany"]
[Date "2015.10.10"]
[Round "2.5"]
[White "Urban, Lars"]
[Black "Klippel, Jan"]
[Result "1/2-1/2"]
[WhiteElo "2140"]
[BlackElo "2055"]
[PlyCount "20"]
[EventDate "2015.09.20"]
[EventType "team-tourn"]
[EventRounds "11"]
[EventCountry "GER"]
[SourceTitle "EXT 2017"]
[Source "ChessBase"]
[SourceDate "2016.10.25"]
[SourceVersion "1"]
[SourceVersionDate "2016.10.25"]
[SourceQuality "1"]
[WhiteTeam "Erfurt Empor"]
[BlackTeam "Giessen"]
[WhiteTeamCountry "GER"]
[BlackTeamCountry "GER"]

1. d4 d5 2. c4 c6 3. Nf3 Nf6 4. Nc3 a6 5. e3 Bf5 6. Qb3 b5 7. cxd5 cxd5 8. a4 b4 9. Ne2 Nc6 10. a5 Bd7 1/2-1/2

[Event "Oberliga Ost-B 1516"]
[Site "Germany"]
[Date "2015.09.20"]
[Round "1.5"]
[White "Klippel, Jan"]
[Black "Duncker, Joachim"]
[Result "1-0"]
[WhiteElo "2055"]
[BlackElo "2240"]
[PlyCount "83"]
[EventDate "2015.09.20"]
[EventType "team-tourn"]
[EventRounds "11"]
[EventCountry "GER"]
[SourceTitle "EXT 2017"]
[Source "ChessBase"]
[SourceDate "2016.10.25"]
[SourceVersion "1"]
[SourceVersionDate "2016.10.25"]
[SourceQuality "1"]
[WhiteTeam "Giessen"]
[BlackTeam "Marburg"]
[WhiteTeamCountry "GER"]
[BlackTeamCountry "GER"]

1. c4 Nf6 2. g3 g6 3. Bg2 Bg7 4. Nc3 0-0 5. e4 d6 6. Nge2 e5 7. 0-0 Be6 8. d3 Qd7 9. f4 Bh3 10. f5 Bxg2 11. Kxg2 Nc6 12. Bg5 Ne7 13. Bxf6 Bxf6 14. Nd5 Nxd5 15. cxd5 c5 16. Nc3 b5 17. b3 Bg5 18. Qe2 Rfc8 19. h4 Bd8 20. fxg6 fxg6 21. h5 Bg5 22. hxg6 hxg6 23. Nxb5 Kg7 24. Na3 Rh8 25. Rh1 a5 26. Nc4 Rxh1 27. Rxh1 Ra7 28. Rf1 Qd8 29. Qg4 a4 30. bxa4 Rxa4 31. a3 Ra7 32. Qe6 Qe7 33. Qc8 Rc7 34. Qa8 Rb7 35. a4 Ra7 36. Qc6 Rd7 37. a5 Qd8 38. Rb1 Be7 39. Rb7 Rxb7 40. Qxb7 Kf6 41. a6 Qh8 42. a7 1-0

[Event "GER-ch U25 op"]
[Site "Willingen"]
[Date "2009.06.05"]
[Round "8"]
[White "Schneider, Christian"]
[Black "Klippel, Jan"]
[Result "1/2-1/2"]
[WhiteElo "2116"]
[BlackElo "2035"]
[PlyCount "24"]
[EventDate "2009.05.30"]
[EventType "swiss"]
[EventRounds "9"]
[EventCountry "GER"]
[SourceTitle "EXT 2010"]
[Source "ChessBase"]
[SourceDate "2010.11.25"]
[SourceVersion "1"]
[SourceVersionDate "2010.11.25"]
[SourceQuality "1"]

1. e4 e6 2. Qe2 c5 3. d3 b6 4. g3 Bb7 5. Bg2 Nf6 6. Nf3 d6 7. 0-0 Nbd7 8. Re1 Be7 9. Nbd2 0-0 10. Nf1 Qc7 11. Nh4 Ne8 12. Nf3 Nef6 1/2-1/2

[Event "GER-ch U25 op"]
[Site "Willingen"]
[Date "2009.06.02"]
[Round "4"]
[White "Stark, Timo"]
[Black "Klippel, Jan"]
[Result "0-1"]
[WhiteElo "1821"]
[BlackElo "2035"]
[PlyCount "104"]
[EventDate "2009.05.30"]
[EventType "swiss"]
[EventRounds "9"]
[EventCountry "GER"]
[SourceTitle "EXT 2010"]
[Source "ChessBase"]
[SourceDate "2010.11.25"]
[SourceVersion "1"]
[SourceVersionDate "2010.11.25"]
[SourceQuality "1"]

1. e4 c5 2. Nf3 a6 3. d4 cxd4 4. Nxd4 Nf6 5. Bd3 Nc6 6. Be3 e5 7. Nf5 d5 8. exd5 Qxd5 9. f3 Bxf5 10. Bxf5 Qxd1+ 11. Kxd1 Rd8+ 12. Ke2 Nd5 13. Rd1 Nxe3 14. Rxd8+ Kxd8 15. Kxe3 Bc5+ 16. Kd2 Kc7 17. Be4 Rd8+ 18. Ke1 Ne7 19. g4 g6 20. c3 f5 21. gxf5 gxf5 22. Bc2 Rg8 23. Nd2 Rg2 24. Rd1 Rxh2 25. b4 Be3 26. Bb3 Rxd2 27. Rxd2 Bxd2+ 28. Kxd2 Kd6 29. c4 b6 30. Ke3 Ng6 31. Bc2 Nh4 32. a4 a5 33. c5+ bxc5 34. bxa5 h5 35. Bd3 Kc6 36. Bf1 Ng6 37. Bb5+ Kb7 38. Bd7 Ne7 39. Bb5 h4 40. Bf1 Nd5+ 41. Kd3 h3 42. Bxh3 Nf4+ 43. Kc4 Nxh3 44. Kxc5 Ng1 45. f4 exf4 46. Kd4 Nh3 47. Kd3 f3 48. Ke3 f2 49. Ke2 Ka6 50. Kf1 Kxa5 51. Kg2 Kxa4 52. Kh1 f1Q+ 0-1

[Event "Apolda op 16th"]
[Site "Apolda"]
[Date "2007.08.26"]
[Round "6"]
[White "Wendling, Hannes"]
[Black "Klippel, Jan"]
[Result "1-0"]
[WhiteElo "2137"]
[BlackElo "2003"]
[PlyCount "35"]
[EventDate "2007.08.23"]
[EventType "swiss"]
[EventRounds "7"]
[EventCountry "GER"]
[SourceTitle "CBM 120 Extra"]
[Source "ChessBase"]
[SourceDate "2007.11.01"]
[SourceVersion "1"]
[SourceVersionDate "2007.11.01"]
[SourceQuality "1"]

1. e4 e6 2. Qe2 c5 3. Nf3 Nc6 4. g3 Be7 5. c3 d5 6. e5 d4 7. c4 Nh6 8. d3 Nf5 9. Bg2 0-0 10. h4 f6 11. g4 Nh6 12. exf6 Bd6 13. fxg7 Kxg7 14. Bxh6+ Kxh6 15. Ng5 Bf4 16. Be4 Qa5+ 17. Kf1 Bc1 18. Nxh7 1-0

[Event "Apolda op 16th"]
[Site "Apolda"]
[Date "2007.08.25"]
[Round "5"]
[White "Klippel, Jan"]
[Black "Zuther, Torsten"]
[Result "1/2-1/2"]
[WhiteElo "2003"]
[BlackElo "2108"]
[PlyCount "80"]
[EventDate "2007.08.23"]
[EventType "swiss"]
[EventRounds "7"]
[EventCountry "GER"]
[SourceTitle "CBM 120 Extra"]
[Source "ChessBase"]
[SourceDate "2007.11.01"]
[SourceVersion "1"]
[SourceVersionDate "2007.11.01"]
[SourceQuality "1"]

1. d4 Nf6 2. Nf3 c5 3. c3 d5 4. Bf4 Bf5 5. e3 e6 6. Bxb8 Qxb8 7. Qa4+ Kd8 8. Ne5 Qc7 9. Nd2 Bd6 10. Ndf3 Ke7 11. Be2 a6 12. 0-0 b5 13. Qd1 c4 14. Nh4 Bxe5 15. Nxf5+ exf5 16. dxe5 Qxe5 17. a4 Rhd8 18. Qc2 Ne4 19. Rfd1 g5 20. Bf3 Ke6 21. axb5 axb5 22. Bxe4 Qxe4 23. Qd2 Rxa1 24. Rxa1 Ra8 25. Qc1 Qc2 26. Qe1 Ra4 27. Rxa4 Qxa4 28. h3 Qc2 29. Qa1 Qa4 30. Qc1 b4 31. cxb4 Qxb4 32. Qc2 f6 33. g4 fxg4 34. hxg4 Qe7 35. e4 Kd6 36. exd5 Qe1+ 37. Kg2 Kxd5 38. b3 cxb3 39. Qxb3+ Kd6 40. Qd3+ Kc6 1/2-1/2

[Event "Apolda op 16th"]
[Site "Apolda"]
[Date "2007.08.25"]
[Round "4"]
[White "Middelhoff, Cornelius"]
[Black "Klippel, Jan"]
[Result "1/2-1/2"]
[WhiteElo "2176"]
[BlackElo "2003"]
[PlyCount "25"]
[EventDate "2007.08.23"]
[EventType "swiss"]
[EventRounds "7"]
[EventCountry "GER"]
[SourceTitle "CBM 120 Extra"]
[Source "ChessBase"]
[SourceDate "2007.11.01"]
[SourceVersion "1"]
[SourceVersionDate "2007.11.01"]
[SourceQuality "1"]

1. d4 e6 2. g3 d5 3. Nf3 Nf6 4. Bg2 Be7 5. 0-0 0-0 6. c4 c6 7. Nc3 b6 8. Ne5 Bb7 9. cxd5 cxd5 10. Qa4 Qe8 11. Qb3 Nc6 12. Nxc6 Qxc6 13. Bg5 1/2-1/2